Optimization : (Record no. 22158)

MARC details
000 -LEADER
fixed length control field 01044cam a2200289 i 4500
003 - CONTROL NUMBER IDENTIFIER
control field EG-ScBUE
005 - DATE AND TIME OF LATEST TRANSACTION
control field 20250112110804.0
008 - FIXED-LENGTH DATA ELEMENTS--GENERAL INFORMATION
fixed length control field 160810s2015 sz a f b 001 0 eng d
020 ## - INTERNATIONAL STANDARD BOOK NUMBER
International Standard Book Number 1482203456
020 ## - INTERNATIONAL STANDARD BOOK NUMBER
International Standard Book Number 9781482203455
040 ## - CATALOGING SOURCE
Original cataloging agency EG-ScBUE
Language of cataloging eng
Description conventions rda
Transcribing agency EG-ScBUE
Modifying agency EG-ScBUE
082 04 - DEWEY DECIMAL CLASSIFICATION NUMBER
Edition number 22
Classification number 519.6
Item number BIE
100 1# - MAIN ENTRY--PERSONAL NAME
9 (RLIN) 40718
Personal name Bierlaire, Michel,
Relator term author.
245 10 - TITLE STATEMENT
Title Optimization :
Remainder of title principles and algorithms /
Statement of responsibility, etc Michel Bierlaire.
264 #1 - PUBLICATION, DISTRIBUTION, ETC. (IMPRINT)
Place of publication, distribution, etc Lausanne :
Name of publisher, distributor, etc EPFL Press ;
Place of publication, distribution, etc Boca Raton :
Name of publisher, distributor, etc CRC Press / Taylor & Francis Group, LLC,
Date of publication, distribution, etc 2015.
300 ## - PHYSICAL DESCRIPTION
Extent xvi, 718 pages :
Other physical details illustrations ;
Dimensions 24 cm
336 ## - CONTENT TYPE
Source rdacontent
Content type term text
Content type code txt
337 ## - MEDIA TYPE
Media type term unmediated
Source rdamedia
Media type code n
338 ## - CARRIER TYPE
Carrier type term volume
Carrier type code nc
Source rdacarrier
504 ## - BIBLIOGRAPHY, ETC. NOTE
Bibliography, etc Includes bibliographical references and index.<br/>
650 #7 - SUBJECT ADDED ENTRY--TOPICAL TERM
Source of heading or term BUEsh
9 (RLIN) 3485
Topical term or geographic name as entry element Mathematical optimization.
650 #7 - SUBJECT ADDED ENTRY--TOPICAL TERM
9 (RLIN) 13108
Topical term or geographic name as entry element Algorithms.
Source of heading or term BUEsh
653 ## - INDEX TERM--UNCONTROLLED
Resource For college Engineering, General
Arrived date list August 2016
655 ## - INDEX TERM--GENRE/FORM
Form subdivision Reading book
856 ## - ELECTRONIC LOCATION AND ACCESS
Uniform Resource Identifier <a href="http://optimizationprinciplesalgorithms.com/">http://optimizationprinciplesalgorithms.com/</a>
Link text Companion website
942 ## - ADDED ENTRY ELEMENTS (KOHA)
Source of classification or shelving scheme Dewey Decimal Classification
Koha item type Book - Borrowing
Holdings
Withdrawn status Lost status Source of classification or shelving scheme Damaged status Not for loan Collection code Home library Current library Shelving location Date acquired Source of acquisition Cost, normal purchase price Serial Enumeration / chronology Total Checkouts Full call number Barcode Date last seen Cost, replacement price Price effective from Koha item type
    Dewey Decimal Classification     Baccah Central Library Central Library First floor 10/08/2016 Purchase 870.00 25844   519.6 BIE 000033195 15/07/2025 1078.50 10/08/2016 Book - Borrowing